|
|
|
|
| LEADER |
00000nam a2200000 a 4500 |
| 001 |
vtls001137796 |
| 003 |
SK-MaSNL |
| 005 |
20260301063029.0 |
| 008 |
250414s1992 CS 0 cze |
| 035 |
|
|
|a SNK000080649
|
| 040 |
|
|
|a SNK
|b slo
|c SNK
|e AACR2
|
| 041 |
0 |
|
|a cze
|
| 044 |
|
|
|a [CS]
|
| 080 |
|
|
|a 05(437.2)"1923/1938":014.3
|2 1981
|
| 080 |
|
|
|a 014.3
|2 1981
|
| 100 |
1 |
|
|a Válka, Miroslav,
|d 1951-
|4 aut
|9 117221
|
| 245 |
1 |
0 |
|a Bibliografie národopisných příspěvků v časopise Vlastivědný sborník pro mládež župy olomoucké - Vlastivédný sborník střední a severní Moravy 1923-1938
|c Miroslav Válka ; Sest. Miroslav Válka
|
| 250 |
|
|
|a 1. vyd.
|
| 260 |
|
|
|a Prostějov - Brno
|b Duha - Ústav pro etnografii a folkloristiku ČSAV
|c 1992
|
| 300 |
|
|
|a 50, [2] s.
|c 20 cm
|
| 700 |
1 |
|
|a Válka, Miroslav
|4 com
|9 378136
|
| 852 |
|
|
|a Slovenská národná knižnica
|
| 999 |
|
|
|c 622708
|d 624638
|
| 952 |
|
|
|t P60, <04>, [BOOK], {604}
|a SNK
|b SNK
|y VYP
|7 0
|p 17A0243836
|o snkIC 122213
|0 0
|1 0
|4 0
|d 2000-06-13
|l 0
|r 2005-01-01 00:00:00
|w 2026-02-23
|